Регионална библиотека "Любен Каравелов" - Русе

Жива традиция (Запис номер 326318)

MARC детайли
000 -Лидер
Контролно поле с фиксирана дължина 01247nam a2200301 a 4500
003 - Код на организацията, давaща контролен номер
Контролно поле BLK
005 - Дата и час на последна редакция
Контролно поле 20250723103019.0
008 - Елементи от данни с фиксирана дължина
fixed length control field 181115b bu ||||| |||| 00| 0 bu d
020 ## - Международен стандартен номер на книга ISBN
Международен стандартен номер на книга ISBN 978-954-337-345-1
040 ## - Източник на каталожния запис
Идентификатор на билиотеката - собственик на записа BLK
041 ## - Код за език
Код за езика на текст/звукозапис или на отделно заглавие Български
Код за езика КДБФ Български
080 ## - УДК
Текстов определител УДК Средни училища
УДК код - определител по УДК 373.5
УДК определител (497.215)(091)
УДК - код + определител 373.5(497.215)(091)
100 ## - Редна дума - Автор
Автор Ганчев, Румян Стоилов
R(LIN) 273663
139 ## - Редно поле
Редна дума Ганчев, Румян Стоилов
Авторски знак Ганч - Г 22
245 ## - Сведения за заглавието
Заглавие Жива традиция
Редно поле (дума) Румян Ганчев, Ренета Рошкева.
Том Т. 2
Заглавие на том Средно общообразователно училище "Христо Ботев" - Русе (1950-2010)
257 ## - Страна на издаване
Страна на създаване/издаване България
260 ## - Област на издателските данни
9 (RLIN) 209556
Място на издаване, разпространение и проч. Русе
Име на издателя, разпространителя и проч. Авангард принт
Година на издаване 2018
300 ## - Физическа характеристика
Страници 406 с.
Илюстрации и др. с ил., факс., портр.
Размери/Мащаб 23 см
380 ## - Жанр
Жанр Обществени науки
504 ## - Забележка за наличие на библиография и др
Забележка за наличие на библиография и под. Библиогр.: с. 402-404
650 #7 - Допълнително описание по предмет – тема
9 (RLIN) 171839
Основно описание – тема или топоним Средни училища - България - Русе - история
700 1# - Други автори (авторска отговорност)
Лично име Рошкева, Ренета Петрова
9 (RLIN) 117128
852 ## - Местоположение
Форматна сигнатура Цб 291499
Фондова буква Хранилище
852 ## - Местоположение
Форматна сигнатура К 373.5/Г 23 Р
Фондова буква Краезнание
852 ## - Местоположение
Фондова буква Заемна - подръчен фонд
Систематично-азбучна сигнатура 373.5/Г 22 Р
942 ## - АРТИКУЛИ
Вид на библиотечния материал Книги
Скрит в OPAC Не
Koha issues (borrowed), all copies 6
Периодичен библиозапис Да
944 ## - СЪЗДАВАНЕ И РЕДАКЦИЯ на ЗАПИСА
Служител, извършил регистрацията/редакцията 30530
Статус, дата на статуса Минев Младен
999 ## - СИСТЕМНИ КОНТРОЛНИ НОМЕРА
Koha biblionumber 326318
Koha biblioitemnumber 326318
Наличности
Код за отписване Код за изгубен артикул Източник на класификационната схема Код за повреда Коз за рестрикции Код за отдаване Артикулен № Име на библиотеката - собственик Име на библиотеката, в която се намира в момента Статус (Текущо местоположение) Дата на вписване в системата Местоположение - отдел Цена в лева Систематично азбучна сигнатура Баркод Цена в евро Служебен тип на артикула Инвентарен номер
  Не е изгубен Universal Decimal Classification Не е повреден без рестрикции ползва се в читалня 683562 Регионална библиотека "Любен Каравелов" Русе Регионална библиотека "Любен Каравелов" Русе Хранилище 2018-11-30 Хранилище 24.00 Цб 291499 120000825227 12.27 Книги  
  Не е изгубен Universal Decimal Classification Не е повреден само за читалня ползва се в читалня 690907 Регионална библиотека "Любен Каравелов" Русе Регионална библиотека "Любен Каравелов" Русе Читалня 2019-02-26 Читалня 25.00 Ч 373/Г 22 120000830365 12.78 Книги  
  Не е изгубен Universal Decimal Classification Не е повреден само за читалня ползва се в читалня 690921 Регионална библиотека "Любен Каравелов" Русе Регионална библиотека "Любен Каравелов" Русе Краезнание 2019-02-26 Краезнание 25.00 К 373.5/Г 23 Р 120000830361 12.78 Книги  
  Не е изгубен Universal Decimal Classification Не е повреден   заемане за дома 977046 Регионална библиотека "Любен Каравелов" Русе Регионална библиотека "Любен Каравелов" Русе Заемна - подръчен фонд 2025-06-20 Заемна - подръчен фонд 25.00 373.5/Г 22 Р 120000920727 12.78 Книги 120000920727
Vip Innovations Ltd, Rousse, Bulgaria 2025